romantisme - Statistiques

Statistiques générales
  • Ce quiz a été pris 25 fois
  • Le résultat moyen est 3 sur 15
Statistiques - réponses
Hint Réponse % Correct
Hugo
95%
lamartine
37%
le sentiment amoureux
32%
thèmes la nature
26%
auteurs Musset
26%
année début 19ème
11%
principes mélancolie
11%
désir d'évasion
5%
importance de la sensibilité
5%
le moi souffrant
5%
l'individu
5%
procédés mélange des genres
5%
métaphores allégories
5%
poésie ou prose lyrique
5%
tonalité lyrique, pathétique
5%
Aucun quiz correspondant
Distribution des résultats
% des personnes avec chaque résultat
Percentile par nombre de réponses
Votre historique - résultats
Vous n’avez pas pris ce quiz